ARRUPE JESUIT UNIVERSITY

CORONAVIRUS -STOP THE SPREAD - CLEAN,DISINFECT,COVER

Towards a Pax Africana: (Record no. 125292)

MARC details
000 -LEADER
fixed length control field 00855nam a22002891 4500
001 - CONTROL NUMBER
control field 756410
003 - CONTROL NUMBER IDENTIFIER
control field ARRUPE
005 - DATE AND TIME OF LATEST TRANSACTION
control field 20160920122952.0
008 - FIXED-LENGTH DATA ELEMENTS--GENERAL INFORMATION
fixed length control field 780509s1967 enk b 001 0 eng
010 ## - LIBRARY OF CONGRESS CONTROL NUMBER
LC control number 67070965
015 ## - NATIONAL BIBLIOGRAPHY NUMBER
National bibliography number B67-69
040 ## - CATALOGING SOURCE
Original cataloging agency DLC
Transcribing agency IEN
Modifying agency DLC
043 ## - GEOGRAPHIC AREA CODE
Geographic area code f------
050 00 - LIBRARY OF CONGRESS CALL NUMBER
Classification number DT30
Item number .M35 1967
082 00 - DEWEY DECIMAL CLASSIFICATION NUMBER
Classification number 320.96
300 ## - PHYSICAL DESCRIPTION
Dimensions 23 cm.
100 1# - MAIN ENTRY--PERSONAL NAME
Personal name Mazrui, Ali A..
9 (RLIN) 25987
245 10 - TITLE STATEMENT
Title Towards a Pax Africana:
Remainder of title a study of ideology and ambition
Statement of responsibility, etc Ali A. Mazrui.
260 ## - PUBLICATION, DISTRIBUTION, ETC. (IMPRINT)
Place of publication, distribution, etc London,
Name of publisher, distributor, etc Weidenfeld & Nicolson
Date of publication, distribution, etc 1967
300 ## - PHYSICAL DESCRIPTION
Extent xi, 287 p.
350 ## - PRICE (NR) (BK AM CF MU VM SE) [OBSOLETE]
Price 40/-
490 0# - SERIES STATEMENT
Series statement The Nature of human society series
504 ## - BIBLIOGRAPHY, ETC. NOTE
Bibliography, etc Bibliographical references included in "Notes" (p. 243-277)
650 #0 - SUBJECT ADDED ENTRY--TOPICAL TERM
Topical term or geographic name as entry element Nationalism
Geographic subdivision Africa.
9 (RLIN) 9483
906 ## - LOCAL DATA ELEMENT F, LDF (RLIN)
a 7
b cbc
c orignew
d u
e opcn
f 19
g y-gencatlg
942 ## - ADDED ENTRY ELEMENTS (KOHA)
Source of classification or shelving scheme Library of Congress Classification
Koha item type Monograph ( Printed materials)
Holdings
Withdrawn status Lost status Source of classification or shelving scheme Damaged status Not for loan Collection code Home library Current library Shelving location Date acquired Total Checkouts Full call number Barcode Date last seen Price effective from Koha item type
    Library of Congress Classification     Main Collection ARRUPE LIBRARY ARRUPE LIBRARY Main Collection 20/09/2016   DT30 .M35 1967 46500010206 07/12/2017 20/09/2016 Monograph ( Printed materials)

 

Arrupe Library. PO Box MP320 Mt Pleasant, Harare, Zimbabwe
263 242 745411|librarian@aju.ac.zw